| 000 | 00367nam a2200145Ia 4500 | ||
|---|---|---|---|
| 008 | 150201s2012 xx 000 0 und d | ||
| 082 |
_a614 _bE12M |
||
| 100 | _aMHABALARAJU , DK. | ||
| 245 | _aESSENTIALS OF COMMUNITY MEDICINE PRACTICALS | ||
| 250 | _a1ST | ||
| 260 |
_bJAYPEE _aINDIA _c2012 |
||
| 300 | _a1-366 | ||
| 650 | _aCOMMUNITY MEDICINE | ||
| 942 |
_2ddc _cBK _014 |
||
| 999 |
_c1447 _d1447 |
||